24/25 Starting XI’s - Statistics

General Stats
  • This quiz has been taken 39 times
  • The average score is 41 of 88
Answer Stats
Hint Answer % Correct
ST Mbappe
79%
GK Raya
79%
CM Bellingham
75%
GK Courtois
75%
DM Rice
75%
CB Saliba
75%
DM Valverde
75%
CB Gabriel
71%
LW Martinelli
71%
CM Ødegaard
71%
LW Vinicius Jr
71%
RM Yamal
71%
ST Lewandowski
68%
DM Pedri
68%
LM Raphinha
68%
RW Rodrygo
68%
CM Partey
64%
CB Rüdiger
64%
RB Timber
64%
GK Alisson
61%
LB Balde
61%
LB Mendy
61%
RB Trent
61%
CB Cubarsí
57%
AM Dani Olmo
57%
DM Mac Allister
57%
GK Neuer
57%
RM Salah
57%
CM Tchouameni
57%
CB Van Dijk
57%
RB Vazquez
57%
CB Dias
54%
DM Gravenberch
54%
CB Konaté
54%
RB Koundé
54%
RB Lewis
54%
ST Merino
54%
RW Trossard
54%
DM De Jong
50%
GK Ederson
50%
LM Gakpo
50%
LW Son
50%
CB Asencio
46%
ST Jota
46%
ST Kane
46%
CB Kim
46%
LB Lewis-Skelly
46%
AM Szoboszlai
46%
GK Vicario
46%
ST Haaland
43%
DM Kimmich
43%
CM Maddison
43%
CB Martínez
43%
RM Olise
43%
CB Romero
43%
ST Solanke
43%
GK Szczesny
43%
LB Tsimikas
43%
LB Gvardiol
39%
RB Laimer
39%
AM Müller
39%
CB Upamecano
39%
RM Foden
36%
RW Johnson
36%
LM Musiala
36%
LB Udogie
36%
DM De Bruyne
32%
AM Kulusevski
32%
DM Pavlović
32%
LB Guerreiro
29%
AM Wirtz
29%
LM Doku
25%
GK Hradecky
25%
CB Khusanov
25%
CB Tah
25%
CM Xhaka
25%
RM Frimpong
21%
CM Sarr
21%
CB Danso
18%
CM Garcia
18%
ST Schick
18%
LM Grimaldo
14%
AM Palacios
14%
RB Spence
14%
CB Tapsoba
14%
CB Hincapié
11%
AM Marmoush
11%
DM Bernardo
7%
No matching quizzes found
Score Distribution
Percent of People with Each Score
Percentile by Number Answered
Your Score History
You have not taken this quiz